00689nam a22001577a 4500008004100000040000900041050002200050245016100072260006100233300003000294504006500324650003300389650003400422650003200456650004300488190516b xxu||||| |||| 00| 0 eng d amksu aRA 644b.A25 1999 aResistances to behavioural change to reduce HIV/AIDS infection in predominantly heterosexual epidemics in third world countries /cHealth Transition Centre. aAustralia :bThe Australian National Univetrsity,c1999. aiv,256p. :bill. ;c25cm. ainclude bibliographic references at the end of each chapter. aSafe sex in AIDS prevention. aAIDS (Disease)vEpidemiology. aAIDS (Disease)vPrevention. aAIDS (Disease)vPsychological aspects.